Straight talk. Gays, lesbians and bisexuals at work

Saved in:
Bibliografiske detaljer
Hovedforfatter: Gunnar Svensson
Format: Bog
Sprog:engelsk
Tags: Tilføj Tag
Ingen Tags, Vær først til at tagge denne postø!

MARC

LEADER 00000nam a2200000 4500
005 20240227141355.0
008 240227b |||||||| |||| 00| 0 eng d
040 |c C 
100 |a Gunnar Svensson 
245 |a Straight talk. Gays, lesbians and bisexuals at work 
942 |2 ddc  |c BK  |n 0 
952 |0 0  |1 0  |2 ddc  |4 0  |6 362_000000000000000_SVE_STR  |7 1  |9 742  |a GE  |b GE  |d 2015-03-08  |l 0  |o 362 SVE STR  |p 2071  |r 2024-02-27 14:14:29  |w 2024-02-27  |y BK 
999 |c 698  |d 698